Statistiques concernant Pays et capitales mondiales contenant J

Cliquez ici pour prendre le quiz!

Statistiques générales

  • Ce quiz a été pris 1 185 fois
    (909 depuis la dernière actualisation)
  • Le résultat moyen est 10 sur 22

Statistiques - réponses

pays / capitale% Correct
Jordanie
86%
Japon
84%
Jakarta
82%
Jamaïque
75%
Jérusalem
66%
Ljubljana
56%
Abuja
46%
Tadjikistan
46%
Djibouti
44%
Djibouti
44%
Reykjavik
44%
Azerbaïdjan
38%
Skopje
37%
Banjul
36%
Djouba
35%
Fidji
35%
Majuro
35%
Sarajevo
33%
St John's
32%
Sri Jayawarde-
nepura Kotte
30%
Ndjamena
29%
San José
27%

Distribution des résultats

Percentile par nombre de réponses

% des personnes avec chaque résultat

Votre développement - résultats

Vous n’avez pas pris ce quiz depuis la dernière actualisation